000 00637nam a2200217Ia 4500
003 OSt
005 20230516104140.0
008 210423s2012 xx 000 0 und d
020 _a9788176222433
040 _cAL
041 _aeng
082 _a637.906 GARH
_223
100 _aGARG (Sudhi Ranjan);JADHAV (Vijay J).
_9104770
245 _aHandbook of quality control of dairy and meat products.
260 _aNew Delhi
_bBiotech Books
_c2012
300 _axii,188
_bHB
365 _b695
_cINR
650 _aDairy Products Processing
_9104771
906 _acontrol ; dairy ; Handbook ; meat ; products. ; quality
942 _2ddc
_cBK
999 _c164795
_d164795